Review of European building regulations and technical provisions: Sweden. (Record no. 96904)

MARC details
000 -LEADER
fixed length control field 00894cam a2200277 4500
001 - CONTROL NUMBER
control field J89032
008 - FIXED-LENGTH DATA ELEMENTS--GENERAL INFORMATION
fixed length control field 090401t1996 xxu||||| |||| 00| 0 eng d
035 ## - SYSTEM CONTROL NUMBER
System control number (Sirsi) u83435
041 ## - LANGUAGE CODE
Language code of text/sound track or separate title eng
050 ## - LIBRARY OF CONGRESS CALL NUMBER
Classification number 692.209485
110 ## - MAIN ENTRY--CORPORATE NAME
Corporate name or jurisdiction name as entry element Institute of Building Control
9 (RLIN) 3341
245 ## - TITLE STATEMENT
Title Review of European building regulations and technical provisions: Sweden.
250 ## - EDITION STATEMENT
Edition statement (Rev. ed.)
260 ## - PUBLICATION, DISTRIBUTION, ETC.
Place of publication, distribution, etc. Epsom, Surrey
Name of publisher, distributor, etc. Institute of Building Control
Date of publication, distribution, etc. 1996
300 ## - PHYSICAL DESCRIPTION
Extent 62p. ; 30cm.
350 ## - PRICE (NR) (BK AM CF MU VM SE) [OBSOLETE]
Price 25
520 ## - SUMMARY, ETC.
Summary, etc. Cover title. Review undertaken by the Institute of Building Control on behalf of the Department of the Environment.
650 ## - SUBJECT ADDED ENTRY--TOPICAL TERM
Topical term or geographic name entry element BUILDING CONTROL
9 (RLIN) 6222
650 ## - SUBJECT ADDED ENTRY--TOPICAL TERM
Topical term or geographic name entry element BUILDING REGULATIONS
9 (RLIN) 6224
650 ## - SUBJECT ADDED ENTRY--TOPICAL TERM
Topical term or geographic name entry element DEPARTMENT OF THE ENVIRONMENT
650 ## - SUBJECT ADDED ENTRY--TOPICAL TERM
Topical term or geographic name entry element EUROPE
650 ## - SUBJECT ADDED ENTRY--TOPICAL TERM
Topical term or geographic name entry element SWEDEN
690 ## - LOCAL SUBJECT ADDED ENTRY--TOPICAL TERM (OCLC, RLIN)
Topical term or geographic name as entry element BUILDING AND CONSTRUCTION-REGULATIONS
942 ## - ADDED ENTRY ELEMENTS (KOHA)
Suppress in OPAC 0
948 ## - LOCAL PROCESSING INFORMATION (OCLC); SERIES PART DESIGNATOR (RLIN)
c (OCLC) 29/01/1998
Holdings
Withdrawn status Lost status Source of classification or shelving scheme Damaged status Not for loan Home library Current library Shelving location Date acquired Cost, normal purchase price Total Checkouts Full call number Barcode Date last seen Date last checked out Copy number Cost, replacement price Price effective from Koha item type
    Dewey Decimal Classification     London London Folio 16/03/1998 25.00 4 F692.209485 30055282 06/08/2019 03/02/2006 1 25.00 06/08/2019 Book